000 00310nam a2200097Ia 4500
008 220120s9999||||xx |||||||||||||| ||und||
100 _aDilna T S and others
_912534
245 0 _aSPY robot using RF technology
260 _aCoorg Institute of Technology
_bPonnampet
_c2002
650 _aELECTRONICS AND COMMUNICATIONS
999 _c138132
_d138132